Municipios españoles más poblados que comienzan con B - Estadísticas

Estadísticas generales
  • Esta prueba ha sido intentada 874 veces
  • La puntuación promedio es 9 de 20
Estadísticas de respuestas
Población Municipio Comunidad % Correcto
1.655.956 Barcelona Cataluña
99%
345.235 Bilbao País Vasco
98%
150.716 Badajoz Extremadura
95%
174.585 Burgos Castilla y León
92%
224.301 Badalona Cataluña
90%
100.987 Barakaldo País Vasco
74%
72.184 Benidorm Com. Valenciana
58%
76.318 Benalmádena Andalucía
45%
35.702 Burriana / Borriana Com. Valenciana
35%
28.773 Benicarló Com. Valenciana
34%
64.635 Boadilla del Monte Com. de Madrid
32%
40.430 Basauri País Vasco
30%
40.086 Burjassot Com. Valenciana
24%
41.517 Blanes Cataluña
19%
20.819 Burlada / Burlata Navarra
19%
22.806 Barbate Andalucía
18%
20.601 Baza Andalucía
18%
26.797 Bétera Com. Valenciana
12%
22.809 Bormujos Andalucía
11%
33.353 Barberà del Vallès Cataluña
9%
No se encontraron pruebas coincidentes
Distribución de puntuación
Porcentaje de gente con cada puntuación
Porcentaje por número respondido
Historial de tus puntuaciones
No has intentado esta prueba.